Workers' Welfare and Corporate Strategies; (Record no. 201822)

MARC details
000 -LEADER
fixed length control field 00783nam a22002057a 4500
005 - DATE AND TIME OF LATEST TRANSACTION
control field 20240327174002.0
010 ## - LCCN (DPL NO)
LC control number ENG-139975
020 ## - INTERNATIONAL STANDARD BOOK NUMBER
International Standard Book Number 9788182572904
Terms of availability 750.00
035 ## - SYSTEM CONTROL NUMBER
System control number EN-123507
037 ## - SOURCE OF ACQUISITION
Source of stock number/acquisition DBAD/PUB
082 ## - DEWEY DECIMAL CLASSIFICATION NUMBER
Classification number 658.312
100 ## - MAIN ENTRY--PERSONAL NAME
Personal name Chatterjee, Sanchita
245 ## - TITLE STATEMENT
Title Workers' Welfare and Corporate Strategies;
Remainder of title A Case Study of India/
Statement of responsibility, etc By Sanchita Chatterjee , Yatika Agarwal [and] Palashka Jha
260 ## - PUBLICATION, DISTRIBUTION, ETC. (IMPRINT)
Place of publication, distribution, etc Jaipur
Name of publisher, distributor, etc CUTS International
Date of publication, distribution, etc 2023
270 ## - ADDRESS
Address D-217, Bhaskar Marg, Bani Park
City Jaipur
Postal code 302016
Telephone number 91-1412282821
Electronic mail address cuts1@cuts.org
300 ## - PHYSICAL DESCRIPTION
Extent 58p.
Other physical details ill.
Dimensions 29cm(Pb)
700 ## - ADDED ENTRY--PERSONAL NAME
Personal name Agarwal, Yatika
9 (RLIN) 64024
700 ## - ADDED ENTRY--PERSONAL NAME
Personal name Jha, Palashka
9 (RLIN) 64025
942 ## - ADDED ENTRY ELEMENTS (KOHA)
Source of classification or shelving scheme Dewey Decimal Classification
Item type English Books
Classification part 658.312
Call number suffix CHA
Holdings
Withdrawn status Lost status Not for loan Collection code Home library Current library Date acquired Source of acquisition Cost, normal purchase price Full call number Barcode Copy number Cost, replacement price Koha item type
      Non-fiction Bawana Bawana 27/03/2024 DBAD 750.00 658.312 CHA EN-123507 1 750.00 English Books

© Delhi Public Library
Hit Counter
free hit counter